Theories of History : History Read across the Humanities (Record no. 54124)
[ view plain ]
| 000 -LEADER | |
|---|---|
| fixed length control field | 01383nam a2200241Ia 4500 |
| 000 - LEADER | |
| fixed length control field | 01754naaa 00277uu |
| 001 - CONTROL NUMBER | |
| control field | https://directory.doabooks.org/handle/20.500.12854/26662 |
| 005 - DATE AND TIME OF LATEST TRANSACTION | |
| control field | 20211222141737.0 |
| 008 - FIXED-LENGTH DATA ELEMENTS--GENERAL INFORMATION | |
| fixed length control field | 211013s9999 xx 000 0 und d |
| 042 ## - AUTHENTICATION CODE | |
| Authentication code | dc |
| 100 1# - MAIN ENTRY--PERSONAL NAME | |
| Personal name | Kelly, Michael J. |
| 245 #0 - TITLE STATEMENT | |
| Title | Theories of History : History Read across the Humanities |
| 260 ## - PUBLICATION, DISTRIBUTION, ETC. | |
| Name of publisher, distributor, etc. | Bloomsbury Academic |
| Date of publication, distribution, etc. | 2018 |
| 520 ## - SUMMARY, ETC. | |
| Summary, etc. | This book considers 'history' through its supplementary function to the field rather than the ground of a study, bringing new insights into historical thinking and historiography across the humanities. It fosters engagement from around the disciplines in historical thinking and invites historians and philosophers of history to see the impact of their work outside of their own specific fields. Essays in this volume discuss music history, linguistics, dance studies, paintings, film and archaeology. This book is essential reading for those interested in the practice of history, philosophy and the humanities more broadly. |
| 540 ## - TERMS GOVERNING USE AND REPRODUCTION NOTE | |
| Terms governing use and reproduction | Creative Commons |
| 653 ## - INDEX TERM--UNCONTROLLED | |
| Uncontrolled term | History |
| 700 1# - ADDED ENTRY--PERSONAL NAME | |
| Personal name | Rose, Arthur |
| 856 ## - ELECTRONIC LOCATION AND ACCESS | |
| Uniform Resource Identifier | <a href="https://directory.doabooks.org/handle/20.500.12854/26662">https://directory.doabooks.org/handle/20.500.12854/26662</a> |
| 856 ## - ELECTRONIC LOCATION AND ACCESS | |
| Uniform Resource Identifier | <a href="https://library.oapen.org/bitstream/20.500.12657/45847/1/external_content.pdf">https://library.oapen.org/bitstream/20.500.12657/45847/1/external_content.pdf</a> |
| 856 ## - ELECTRONIC LOCATION AND ACCESS | |
| Uniform Resource Identifier | <a href="www.oapen.org">www.oapen.org</a> |
| 942 ## - ADDED ENTRY ELEMENTS (KOHA) | |
| Koha item type | E-Book |
| Withdrawn status | Source of classification or shelving scheme | Damaged status | Not for loan | Home library | Current library | Date acquired | Total Checkouts | Date last seen | Price effective from | Koha item type |
|---|---|---|---|---|---|---|---|---|---|---|
| Library of Congress Classification | Not For Loan | Directory of Open Access Books | Directory of Open Access Books | 12/22/2021 | 12/22/2021 | 12/22/2021 | E-Book |